000 00923nas a2200289 4500
001 BR0904115
003 BR-BrBNA
005 20231205113239.0
007 ta
008 230509b bl.|||p| |||| 00| 00por d
040 _aBR-BrBNA
_bpor
_cBiblioteca Nacional de Agricultura
041 _a(Pt)
072 _aL40; L73
100 1 _aThomé, H.E.
100 1 _aDi Santis, G.W.
100 1 _aMoura, V.M.B.D. de
100 1 _aAmorim, R.L.
100 1 _aBandarra, E.P.
245 1 _aAvaliação histopatológica testicular e epididimária em cães adultos sem raça definida (SRD)da região de São João da Boa Vista SP
650 _aCÃO
650 _aAPARELHO REPRODUTOR
650 _aHISTOPATOLOGIA
650 _aSÃO PAULO
773 0 _tCiência Animal Brasileira (Brazil)
_xISSN 1518-2797
_g(Oct-Dec 2007), v. 8(4) p. 745-755
_wBR0904115
909 _a202311
_bLúcia
_c55
_dLúcia Elande
942 _2AGRIS
_n0
_cANA
999 _c202683
_d202683